Symbol of commitment and a thousand peaceful villages (Record no. 240517)
[ view plain ]
| 000 -LEADER | |
|---|---|
| fixed length control field | 00698nam a22001817a 4500 |
| 005 - DATE AND TIME OF LATEST TRANSACTION | |
| control field | 20250929153805.0 |
| 008 - FIXED-LENGTH DATA ELEMENTS--GENERAL INFORMATION | |
| fixed length control field | 250929b |||||||| |||| 00| 0 eng d |
| 040 ## - CATALOGING SOURCE | |
| Transcribing agency | AL |
| 041 ## - LANGUAGE CODE | |
| Language code of text/sound track or separate title | Malayalam |
| 100 ## - MAIN ENTRY--PERSONAL NAME | |
| Personal name | Thomas Thaithottam |
| 100 ## - MAIN ENTRY--PERSONAL NAME | |
| 9 (RLIN) | 240933 |
| 100 ## - MAIN ENTRY--PERSONAL NAME | |
| 9 (RLIN) | 240887 |
| Numeration | തോമസ് തൈത്തോട്ടം |
| 245 ## - TITLE STATEMENT | |
| Title | Symbol of commitment and a thousand peaceful villages |
| Remainder of title | പ്രതിബദ്ധതയുടെ പ്രതീകം & ആയിരം ശാന്തി ഗ്രാമങ്ങൾ |
| 260 ## - PUBLICATION, DISTRIBUTION, ETC. | |
| Name of publisher, distributor, etc. | Kallachu Publications |
| Date of publication, distribution, etc. | 2025 |
| 300 ## - PHYSICAL DESCRIPTION | |
| Extent | 114p. |
| Other physical details | PB |
| Dimensions | 21.5x14cm |
| 365 ## - TRADE PRICE | |
| Price amount | ₹180.00 |
| Currency code | ₹ |
| Unit of pricing | ₹180.00 |
| 650 ## - SUBJECT ADDED ENTRY--TOPICAL TERM | |
| Topical term or geographic name entry element | Great wall against alcohol |
| 9 (RLIN) | 240888 |
| 942 ## - ADDED ENTRY ELEMENTS (KOHA) | |
| Source of classification or shelving scheme | Dewey Decimal Classification |
| Koha item type | Donated Books |
| Withdrawn status | Lost status | Source of classification or shelving scheme | Damaged status | Not for loan | Collection code | Home library | Current library | Date acquired | Cost, normal purchase price | Total Checkouts | Full call number | Barcode | Date last seen | Cost, replacement price | Price effective from | Koha item type | Public note |
|---|---|---|---|---|---|---|---|---|---|---|---|---|---|---|---|---|---|
| Dewey Decimal Classification | Others | St Aloysius Library | St Aloysius Library | 09/15/2025 | 180.00 | 894.8123 THAS | D06358 | 09/29/2025 | 180.00 | 09/29/2025 | Donated Books | Donated by Rev Dr Praveen Martis SJ |